Representación femenina legislativa y municipal en el 2002: el valor de las cuotas y la trampa de las vicealcaldías /
Gardado en:
| Autor Principal: | |
|---|---|
| Formato: | Texto |
| Materias: | |
| Etiquetas: |
Engadir etiqueta
Sen Etiquetas, Sexa o primeiro en etiquetar este rexistro!
|
MARC
| LEADER | 00000 a a2200000 04500 | ||
|---|---|---|---|
| 001 | 14528 | ||
| 003 | |||
| 040 | |||
| 100 | |a Blanco Lizano, Randall | ||
| 245 | |a Representación femenina legislativa y municipal en el 2002: |b el valor de las cuotas y la trampa de las vicealcaldías / |c Randall Blanco Lizano | ||
| 650 | |a PARTICIPACION POLITICA | ||
| 650 | |a MUJERES | ||
| 650 | |a ELECCIONES | ||
| 650 | |a COMPORTAMIENTO POLITICO | ||
| 650 | |a PODER LEGISLATIVO | ||
| 650 | |a GOBIERNO LOCAL | ||
| 650 | |a COSTA RICA | ||
| 650 | |a MUJERES | ||
| 650 | |a PODER POLITICO | ||
| 773 | |g número 109 (III) - 110 (; páginas 57-68 | ||
| 999 | |c 27182 |d 27182 | ||
| 773 | 0 | |0 18728 |9 3031 |a Universidad de Costa Rica |d San José, Costa Rica Editorial UCR 1956- |o 05836 |t Revista de Ciencias Sociales/ |x 04825276 | |
